00491nam a2200181Ia 450000500170000000800410001702000140005804000190007204100120009108200160010310000200011924500660013926000340020530000100023965000260024965100240027585000100029920230404092219.0131103s9999 xx 000 0 und d a571058086 aLoreto College aEnglish a822.91bBEC aBeckett, Samuel aWating for godotb a tragicomedy in two acts cSamuel Beckett aLondonbFaber and Faberc1968 a94p.  aEnglish play - tragic aEnglish play-comedy aLCLIB